000 00557nam a22001937a 4500
999 _c190821
_d190821
005 20220805142417.0
010 _aENG-134313
020 _a9789387162211
_c325.00
035 _aEN-117845
037 _bDBAD/PUB
082 _a658.612
100 _aDas, J.K.
245 _aStatistics:
_bFor Business Decisions/
_cJ.K. Das
250 _aFourth Edition
260 _aKolkata
_bAcademic Publishers
_c2019
270 _a5A, Bhawani Dutta Lane
_bKolkata
_e700073
300 _axii, 391p.
_bIndex
_c24cm(pbk)
942 _2ddc
_cEN
_h658.612
_mDAS